000 00669nam a2200217 a 4500
001 19653
003 CO-ViMGA
008 141112s2004 ck r 000 u spa d
020 _a8429170855
040 _aCO-ViMGA
_bspa
_cCO-ViMGA
082 0 4 _a540 C153q V1
100 1 _aCane, Brian; Sellwood, James
_928436
245 1 0 _aQuimica Elemental Basica 1
260 _aBarcelona :
_bEditorial Reverte,
_c1994
300 _a2 Vol.
505 _aVol. 1 : La Sustancia y sus cambios Vol. 2 : Elementos y compuestos
590 _aForma de adquisición : Premio Mincultura
650 1 4 _aQUIMICA - ELEMENTOS
_928437
650 1 4 _aQUIMICA - SUSTANCIA
_928438
942 _2ddc
_cBK
999 _c28789
_d28789